Southville International School and Colleges
Your cart is empty.
  • Cart
  • Lists
    Public lists Eva Luna New books Lux_list list_1
    Your lists Log in to create your own lists
  • Log in to your account
  • Your cookies
  • Search history
Southville International School and Colleges
  • Advanced search
  • Recent comments
  • Most popular
  • Libraries

Log in to your account

Log in with GOOGLE


If you do not have an external account, but do have a local account, you can still log in:

  1. Home
  2. MARC view: Mindanao muslim history : documentary sources from the advent of islam to the 1800s
Normal view MARC view ISBD view

Mindanao muslim history : documentary sources from the advent of islam to the 1800s (Record no. 365247)

[ view plain ]
MARC details
000 -LEADER
fixed length control field 00635nam a22001937a 4500
003 - CONTROL NUMBER IDENTIFIER
control field 0
005 - DATE AND TIME OF LATEST TRANSACTION
control field 20230904093854.0
008 - FIXED-LENGTH DATA ELEMENTS--GENERAL INFORMATION
fixed length control field 230904b xxu||||| |||| 00| 0 eng d
020 ## - INTERNATIONAL STANDARD BOOK NUMBER
International Standard Book Number 978-971-10-1358-5
050 ## - LIBRARY OF CONGRESS CALL NUMBER
Classification number DS 688
Item number .M56 2017
245 ## - TITLE STATEMENT
Title Mindanao muslim history : documentary sources from the advent of islam to the 1800s
260 ## - PUBLICATION, DISTRIBUTION, ETC. (IMPRINT)
Place of publication, distribution, etc Davao City
Name of publisher, distributor, etc Ateneo de Davao University
Date of publication, distribution, etc c2017.
300 ## - PHYSICAL DESCRIPTION
Extent xi, 326 pages ;
Dimensions 23 cm.
500 ## - GENERAL NOTE
General note Mindanao island (Philippines)--history.
504 ## - BIBLIOGRAPHY, ETC. NOTE
Bibliography, etc Includes index.
650 ## - SUBJECT ADDED ENTRY--TOPICAL TERM
Topical term or geographic name as entry element Mindanao island (Philippines)--history.
651 ## - SUBJECT ADDED ENTRY--GEOGRAPHIC NAME
Geographic name Muslim--Philippines.
942 ## - ADDED ENTRY ELEMENTS (KOHA)
Source of classification or shelving scheme Library of Congress Classification
Koha item type Books
Holdings
Withdrawn status Lost status Source of classification or shelving scheme Damaged status Home library Current library Shelving location Date acquired Source of acquisition Sub Shelving location Total Checkouts Full call number Barcode Date last seen Price effective from Koha item type
    Library of Congress Classification   College Library College Library Filipiniana Section 09/04/2023 Library Fund     DS 688 .M56 2017 C22952 09/04/2023 09/04/2023 Books

Mindanao muslim history : documentary sources from the advent of islam to the 1800s

APA

(2017). Mindanao muslim history : documentary sources from the advent of islam to the 1800s. Davao City: Ateneo de Davao University.

Chicago

2017. Mindanao muslim history : documentary sources from the advent of islam to the 1800s. Davao City: Ateneo de Davao University.

Harvard

(2017). Mindanao muslim history : documentary sources from the advent of islam to the 1800s. Davao City: Ateneo de Davao University.

MLA

Mindanao muslim history : documentary sources from the advent of islam to the 1800s. Davao City: Ateneo de Davao University. 2017.

  • Place hold
  • Print
  • Cite
  • Add to your cart (remove)
  • Save record
    BIBTEX Dublin Core MARCXML MARC (non-Unicode/MARC-8) MARC (Unicode/UTF-8) MARC (Unicode/UTF-8, Standard) MODS (XML) RIS
  • More searches
    Search for this title in:
    Other Libraries (WorldCat) Other Databases (Google Scholar) Online Stores (Bookfinder.com) Open Library (openlibrary.org)

Exporting to Dublin Core...

SOUTHVILLE LIBRARY

Southville International School and Colleges Library

1281 Tropical Ave. Cor. Luxembourg St., BF Homes International, Las Pinas City

Tel. No. 8256374 / 252358 Loc. 117/146

Powered by Koha